000 00627nam a2200181Ia 4500
008 090124s9999 xx 000 0 und d
082 _b101386
100 _aत्रिपाठी सुर्यकांत ''निराला''
245 _a कुल्ली भाट
250 _a1
260 _c1936
300 _a146
600 _aत्रिपाठी सुर्यकांत ''निराला''
630 _a कुल्ली भाट
700 _aत्रिपाठी सुर्यकांत ''निराला''
730 _a कुल्ली भाट
942 _cBOOK
999 _c147478
_d147478